| 000 | 00627nam a22002417a 4500 | ||
|---|---|---|---|
| 003 | UA-OsUOA | ||
| 001 | 20780 | ||
| 007 | ta | ||
| 008 | 20031104b un ||||| |||| 00| 0 ukr d | ||
| 100 | _aДунаевский В. А. | ||
| 090 |
_a930.1 _bД82 |
||
| 942 | _cBK | ||
| 040 |
_aUA-OsUOA _brus _cUA-OsUOA _dUA-OsUOA |
||
| 245 | _aСоветская историография новой истории стран Запада 1917-1941 гг. | ||
| 300 | _a376 с. | ||
| 955 | _a0 | ||
| 041 | _arus | ||
| 080 | _a930.1 | ||
| 260 |
_aМосква _bНаука _c1974 |
||
| 044 | _aRU | ||
| 650 | 7 | _2UDC | |
| 999 |
_c306964 _d306964 |
||